000 00453cam a22001457a 4500
008 180718b2012 xxu||||| |||| 00| 0 eng d
082 _aB3x54 In2/c
100 _aGovernment of India
245 _aCCC: Citizens/ Clients Charter
_cPerformance Management Division; Cabinet Secretariat
260 _aNew Delhi
_bPerformance management division
_c2012
300 _a1070+1073
500 _a2vol.
650 _aPerformance management
650 _aGovernance
999 _c502729
_d502729